The TV studio production handbook / (Record no. 28367)
[ view plain ]
| 000 -LEADER | |
|---|---|
| fixed length control field | 02563cam a2200373 i 4500 |
| 001 - CONTROL NUMBER | |
| control field | 20451648 |
| 003 - CONTROL NUMBER IDENTIFIER | |
| control field | EG-ScBUE |
| 005 - DATE AND TIME OF LATEST TRANSACTION | |
| control field | 20200318125532.0 |
| 008 - FIXED-LENGTH DATA ELEMENTS--GENERAL INFORMATION | |
| fixed length control field | 180414r20192016enka f bd 001 0 eng d |
| 020 ## - INTERNATIONAL STANDARD BOOK NUMBER | |
| International Standard Book Number | 9781350144071 |
| 035 ## - SYSTEM CONTROL NUMBER | |
| System control number | (OCoLC)ocn965119258 |
| 040 ## - CATALOGING SOURCE | |
| Original cataloging agency | ERD |
| Language of cataloging | eng |
| Description conventions | rda |
| Transcribing agency | ERD |
| Modifying agency | OCLCO |
| -- | OCLCF |
| -- | TJC |
| -- | YDXCP |
| -- | BDX |
| -- | YDX |
| -- | IVJ |
| -- | TXI |
| -- | BTCTA |
| -- | OCLCQ |
| -- | IUL |
| -- | DLC |
| -- | EG-ScBUE |
| 082 04 - DEWEY DECIMAL CLASSIFICATION NUMBER | |
| Classification number | 791.450232 |
| Item number | BRO |
| Edition number | 22 |
| 100 1# - MAIN ENTRY--PERSONAL NAME | |
| Personal name | Brown, Lucy |
| Titles and other words associated with a name | (Television producer), |
| Relator term | author. |
| 245 14 - TITLE STATEMENT | |
| Title | The TV studio production handbook / |
| Statement of responsibility, etc | Lucy Brown and Lyndsay Duthie. |
| 246 3# - VARYING FORM OF TITLE | |
| Title proper/short title | Television studio production handbook |
| 250 ## - EDITION STATEMENT | |
| Edition statement | Reprinted edition. |
| 264 #1 - PUBLICATION, DISTRIBUTION, ETC. (IMPRINT) | |
| Place of publication, distribution, etc | London ; |
| -- | New York : |
| Name of publisher, distributor, etc | Bloomsbury Academic, |
| Date of publication, distribution, etc | 2019. |
| 300 ## - PHYSICAL DESCRIPTION | |
| Extent | x, 230 pages : |
| Other physical details | illustrations ; |
| Dimensions | 22 cm |
| 336 ## - CONTENT TYPE | |
| Content type term | text |
| Content type code | txt |
| Source | rdacontent |
| 337 ## - MEDIA TYPE | |
| Media type term | unmediated |
| Media type code | n |
| Source | rdamedia |
| 338 ## - CARRIER TYPE | |
| Carrier type term | volume |
| Carrier type code | nc |
| Source | rdacarrier |
| 500 ## - GENERAL NOTE | |
| General note | Includes glossary. |
| 504 ## - BIBLIOGRAPHY, ETC. NOTE | |
| Bibliography, etc | Includes bibliographical references and index. |
| 505 0# - FORMATTED CONTENTS NOTE | |
| Formatted contents note | Introduction -- The big idea -- Getting commissioned -- The studio environment -- Production management -- Talent shows -- Studio dramas: soaps and sitcoms -- Game and quiz shows -- News -- Food shows -- Children's TV -- Talk shows and magazine formats -- Reality TV shows -- It's a wrap! |
| 520 ## - SUMMARY, ETC. | |
| Summary, etc | This book explains the production process from beginning to end and covers everything media students need to know to create a successful studio television programme. The book is packed with interviews from top TV executives from the UK, USA, Australia, and China and includes live case studies and scripts from hit international formats covering every genre. Spanning from reality, to drama, to news, with scripts from Britain's Got Talent, Big Brother, Coronation Street, The Chase, Teletubbies, Channel 4 News and more. The authors, both award-winning TV programme-makers and academic programme leaders, break things down genre by genre and explore pre-production, casting, scripting, as well as all the required paperwork, from call sheets to running orders. They also examine the future of studio and the multiplatform opportunities available for programme makers internationally. |
| 650 #7 - SUBJECT ADDED ENTRY--TOPICAL TERM | |
| Topical term or geographic name as entry element | Television |
| General subdivision | Production and direction. |
| Source of heading or term | BUEsh |
| 653 ## - INDEX TERM--UNCONTROLLED | |
| Resource For college | Communication and mass media |
| Arrived date list | March2020 |
| 655 #7 - INDEX TERM--GENRE/FORM | |
| Genre/form data or focus term | Handbooks and manuals. |
| Source of term | fast |
| Authority record control number | (OCoLC)fst01423877 |
| Form subdivision | Text book |
| 700 1# - ADDED ENTRY--PERSONAL NAME | |
| Personal name | Duthie, Lyndsay, |
| Relator term | author. |
| 9 (RLIN) | 18292 |
| 906 ## - LOCAL DATA ELEMENT F, LDF (RLIN) | |
| a | 7 |
| b | cbc |
| c | copycat |
| d | 2 |
| e | ncip |
| f | 20 |
| g | y-gencatlg |
| 942 ## - ADDED ENTRY ELEMENTS (KOHA) | |
| Source of classification or shelving scheme | Dewey Decimal Classification |
| Koha item type | Book - Textbooks |
| Withdrawn status | Lost status | Source of classification or shelving scheme | Damaged status | Not for loan | Collection code | Home library | Current library | Shelving location | Date acquired | Source of acquisition | Total Checkouts | Full call number | Barcode | Date last seen | Price effective from | Koha item type |
|---|---|---|---|---|---|---|---|---|---|---|---|---|---|---|---|---|
| Dewey Decimal Classification | Baccah | Central Library | Central Library | Second Floor | 18/03/2020 | Purchase | 791.450232 BRO | 000049045 | 15/07/2025 | 18/03/2020 | NB - Book (Non borrowing) | |||||
| Dewey Decimal Classification | Baccah | Central Library | Central Library | Second Floor | 18/03/2020 | Purchase | 791.450232 BRO | 000049046 | 15/07/2025 | 18/03/2020 | NB - Book (Non borrowing) | |||||
| Dewey Decimal Classification | Baccah | Central Library | Central Library | Second Floor | 18/03/2020 | Purchase | 791.450232 BRO | 000049047 | 15/07/2025 | 18/03/2020 | Book - Borrowing | |||||
| Dewey Decimal Classification | Baccah | Central Library | Central Library | Second Floor | 18/03/2020 | Purchase | 791.450232 BRO | 000049048 | 15/07/2025 | 18/03/2020 | Book - Borrowing | |||||
| Dewey Decimal Classification | Baccah | Central Library | Central Library | Second Floor | 18/03/2020 | Purchase | 791.450232 BRO | 000049049 | 15/07/2025 | 18/03/2020 | Book - Borrowing |